Central Library OPAC University of Rajshahi

Cybernetics without mathematics / (Record no. 364)

MARC details
000 -LEADER
fixed length control field 00973cam a22002771a 4500
001 - CONTROL NUMBER
control field 364
003 - CONTROL NUMBER IDENTIFIER
rucl marc code BD-RjUL
005 - DATE AND TIME OF LATEST TRANSACTION
control field 20211208233151.0
008 - FIXED-LENGTH DATA ELEMENTS--GENERAL INFORMATION
fixed length control field 750812s1960 nyua b 000 0 eng
035 ## - SYSTEM CONTROL NUMBER
System control number (BD-RjUL)
System control number (OCoLC)1539302
040 ## - CATALOGING SOURCE
Original cataloging agency DLC
Transcribing agency F
Modifying agency OCoLC
-- NNHuC
-- Uk
-- DLC
Language of cataloging eng
041 1# - LANGUAGE CODE
Language code of text/sound track or separate title eng
Language code of original pol
082 ## - DEWEY DECIMAL CLASSIFICATION NUMBER
Classification number 006
Edition number 19
Author mark and year GRC1960
100 1# - MAIN ENTRY--PERSONAL NAME
Personal name Greniewski, Henryk.
9 (RLIN) 1158
245 10 - TITLE STATEMENT
Title Cybernetics without mathematics /
Statement of responsibility, etc. by Henryk Greniewski ; translated from Polish by Olgierd Wojtasiewicz.
260 ## - PUBLICATION, DISTRIBUTION, ETC. (IMPRINT)
Place of publication, distribution, etc. Warszawa :
Name of publisher, distributor, etc. Państwowe Wydawnictwo Naukowe ;
Place of publication, distribution, etc. New York :
Name of publisher, distributor, etc. Pergamon Press,
Date of publication, distribution, etc. c1960.
300 ## - PHYSICAL DESCRIPTION
Pagination 201 p. :
Illustrations ill. ;
Size 23 cm.
500 ## - GENERAL NOTE
General note Translation of: Elementy cybernetyki sposobem niematematycznym wyłożone.
504 ## - BIBLIOGRAPHY, ETC. NOTE
Bibliography, etc Includes bibliographical references.
650 #0 - SUBJECT ADDED ENTRY--TOPICAL TERM
Topical term or geographic name as entry element Cybernetics.
9 (RLIN) 1147
942 ## - ADDED ENTRY ELEMENTS (KOHA)
Source of classification or shelving scheme Dewey Decimal Classification
Koha item type Books
Holdings
Lost status Source of classification or shelving scheme Damaged status Not for loan Collection code Permanent Location Current Location Shelving location Date acquired Source of acquisition Cost, normal purchase price Total Checkouts Full call number Date last seen Copy number Koha item type
  Dewey Decimal Classification   Not For Loan Non-fiction Central Library, University of Rajshahi Central Library, University of Rajshahi   20/10/1962 Zeittinger 0.00   006 GRC 1960 17/11/2013 C-1 Books